[Event "FIDE Chesscom Online Nations Cup"]
[Site "Online"]
[Date "2020.05.05"]
[Round "2"]
[White "Andreikin, Dmitry"]
[Black "So, Wesley"]
[Result "1/2-1/2"]
[WhiteElo "2740"]
[BlackElo "2741"]
[Annotator "TA"]
[PlyCount "67"]
[EventDate "2020.05.05"]
[EventType "team-tourn"]
[SourceTitle "playchess.com"]
[Source "ChessBase"]
[SourceQuality "1"]
[WhiteTeam "RUS"]
[BlackTeam "USA"]
[WhiteTeamCountry "RUS"]
[BlackTeamCountry "USA"]

{[%evp 25,67,-20,-10,-15,0,-44,18,0,0,0,8,0,0,0,0,0,0,-72,-81,-71,-79,-73,-67,-109,-18,-18,-18,-18,-17,-17,-18,-18,0,0,0,0,0,0,0,0,0,0,0,0]} 1. d4 Nf6 2. c4 g6 3. Nc3 d5 4. cxd5 Nxd5 5. e4 Nxc3 6. bxc3 Bg7 7. Nf3 c5 8. Be2 Nc6 9. d5 Bxc3+ 10. Bd2 Bxa1 11. Qxa1 Nd4 12. Nxd4 cxd4 13. Qxd4 O-O 14. O-O {D85: Exchange Grünfeld: Unusual White 7th moves and lines with 7 Nf3.} Qb6 15. Qa1 Bd7 ({Better is} 15... Rd8 $15) 16. Rb1 Qc7 17. Bh6 {[%csl Gh6][%cal Ra1g7]} f6 18. Bxf8 Kxf8 19. Qb2 {[#]} b6 $146 ({Predecessor:} 19... b5 20. g3 a6 21. Rc1 Qd6 22. Bd1 Rc8 23. Rxc8+ {½-½ (23) Thew,B (2136)-Devine,G (2141) ICCF email 2016}) 20. Rc1 Qf4 21. Qa3 (21. Rc4 $11 {remains equal.}) 21... Qxe4 $17 {[%mdl 64] Double Attack} 22. Bf3 {[#]} Qe5 $1 23. Qa6 Qf4 24. Rc4 {[#]} Qf5 (24... Qd2 $1 $17 {[%cal Rd2e1]} 25. h3 Qe1+ 26. Kh2 Bf5) 25. h3 $11 {The position is equal.} Qb1+ 26. Kh2 Bb5 27. Qb7 $1 {[%cal Rb7a8]} Bxc4 28. Qxa8+ Kf7 29. Qh8 Qf5 30. Qxh7+ Kf8 31. Qh8+ Kf7 32. Qh7+ Kf8 33. Qh8+ Kf7 34. Qh7+ {Accuracy: White = 84%, Black = 78%.} 1/2-1/2

[Event "FIDE Chesscom Online Nations Cup"]
[Site "Online"]
[Date "2020.05.05"]
[Round "2"]
[White "Giri, Anish"]
[Black "Yu, Yangyi"]
[Result "0-1"]
[WhiteElo "2731"]
[BlackElo "2738"]
[Annotator "TA"]
[PlyCount "86"]
[EventDate "2020.05.05"]
[EventType "team-tourn"]
[SourceTitle "playchess.com"]
[Source "ChessBase"]
[SourceQuality "1"]
[WhiteTeam "Europe"]
[BlackTeam "CHN"]
[WhiteTeamCountry "NED"]
[BlackTeamCountry "CHN"]

{[%evp 15,86,40,33,15,8,16,28,33,29,19,27,19,45,7,7,7,8,4,15,0,7,0,0,0,0,0,7,0,-5,-10,-19,-154,-154,-127,-129,-145,-142,-129,-120,-119,-92,-195,-63,-79,-86,-62,-68,-65,-64,-65,-65,-65,-64,-76,-11,-12,-22,-35,-6,-113,-95,-200,-201,-1309,-1017,-12834,-7312,-12837,-12838,-12837,-12834,-12833,-6387]} 1. e4 e5 2. Nf3 Nf6 3. Nxe5 d6 4. Nf3 Nxe4 5. d4 Be7 6. Bd3 Bf5 7. O-O O-O 8. Re1 d5 9. Nbd2 {[%cal Rd2e4] is currently scoring better than 9.c4. Played by Peter Svidler in April 2020. C42: Petroff Defence: 3 Nxe5 and unusual White 3rd moves.} Nd6 $1 10. Nf1 Nd7 11. Bxf5 {White has an edge.} Nxf5 12. Qd3 g6 {[#]} 13. Bf4 $146 ({Predecessor:} 13. Ne3 Nxe3 14. Bxe3 Re8 15. Bf4 c6 16. Re2 Bf6 17. Rxe8+ Qxe8 18. Re1 Qd8 19. Ne5 Nxe5 20. Bxe5 {½-½ (59) Antolak,J (2249)-Zatonskih,A (2420) Wroclaw 2019}) 13... Re8 14. Re2 Bd6 15. Rxe8+ Qxe8 16. Re1 Qf8 17. Bxd6 Nxd6 18. Ne5 Rd8 {[%cal Ba8d8,Bd8d7,Bd7e7][%mdl 32]} 19. Ne3 c6 20. N3g4 {Nxd7 is the strong threat.} f6 21. Nxd7 Rxd7 22. Re6 Ne4 {Hoping for ...Kf7.} 23. f3 {[#]} (23. Qh3 $11) 23... Kf7 $1 $17 24. fxe4 Kxe6 {[%mdl 4096] Endgame KQR-KQN} 25. Qh3 f5 ({But not} 25... dxe4 $6 26. Ne5+ f5 27. Nxd7 $11) 26. Ne5 Re7 ({Reject} 26... dxe4 $6 27. Nxd7 Kxd7 28. Qxh7+ Kd8 29. Qxg6 $11 (29. Qxb7 Qh6 $11)) 27. exd5+ cxd5 28. Qa3 (28. Qc3 $17) 28... Qb8 (28... Qh6 $19 {And now ...Qc1+ would win.} 29. Qc3 Qc1+ 30. Kf2 Kf6) 29. Qe3 $15 {[#] aiming for Nc6+.} Kf6 $1 30. Qh6 Rxe5 31. dxe5+ Qxe5 {[%cal Re5e1] KQ-KQ} 32. h4 Qe7 33. c3 b6 34. a4 Ke6 (34... Ke5 $17 {Threatening ...Ke4.} 35. Kf2 d4 36. cxd4+ Kxd4 37. Qd2+ Kc5 38. Qc3+ Kd5 39. Qb3+ Ke5 40. Qc3+ Ke6 41. Qc4+ Ke5 42. Qc3+ Ke6 43. Qc4+ Kf6) 35. h5 $11 Kf6 36. hxg6 hxg6 37. Qh8+ (37. Kf2 $11) 37... Kg5 $17 38. Kh2 (38. Kf2 $17) 38... Qe4 $19 39. Qd8+ $2 (39. Qg7) 39... Kg4 {( -> ...Qf4+). Black is clearly winning.} 40. Qf6 g5 41. Qh6 Qe5+ 42. Kg1 Qe1+ 43. Kh2 Qh4+ {Accuracy: White = 58%, Black = 76%.} 0-1

[Event "FIDE Chesscom Online Nations Cup"]
[Site "Online"]
[Date "2020.05.05"]
[Round "2"]
[White "Ju, Wenjun"]
[Black "Dzagnidze, Nana"]
[Result "1-0"]
[WhiteElo "2610"]
[BlackElo "2447"]
[Annotator "TA"]
[PlyCount "77"]
[EventDate "2020.05.05"]
[EventType "team-tourn"]
[SourceTitle "playchess.com"]
[Source "ChessBase"]
[SourceQuality "1"]
[WhiteTeam "CHN"]
[BlackTeam "Europe"]
[WhiteTeamCountry "CHN"]
[BlackTeamCountry "GEO"]

{[%evp 23,77,12,21,21,17,16,11,24,42,30,62,28,47,55,164,52,75,75,88,72,206,203,262,246,270,251,342,335,368,365,598,587,646,607,698,690,659,577,582,534,606,545,546,542,707,698,707,620,846,836,1604,1606,29990,29991,29993,29994]} 1. d4 Nf6 2. c4 e6 3. g3 d5 4. Nf3 Be7 5. Bg2 O-O 6. O-O dxc4 7. Qc2 a6 8. a4 Bd7 9. Qxc4 Bc6 10. Bg5 Bd5 11. Qc2 Be4 12. Qc1 $1 {12.Qc1 is better than 12.Qd1.} h6 13. Bxf6 {E05: Open Catalan: 5 Nf3 Be7.} Bxf6 14. Rd1 Nc6 15. Nbd2 {The position is equal.} Bh7 16. Nb3 {[#]} Nb4 $146 ({Predecessor:} 16... Qe7 17. e3 Nb4 18. Ne1 Rab8 19. e4 g5 20. Qc4 Rfd8 21. e5 Bg7 22. Rdc1 Bf5 23. Qxc7 Qxc7 24. Rxc7 {½-½ (30) Tienhoven,R (2403)-Smirnovs,A (2375) ICCF email 2017}) 17. Ne1 c6 18. a5 Qe7 {[#]} ({Black should try} 18... b6 $14) 19. f4 ({Better is} 19. e4 $1 $18) 19... g5 20. e4 gxf4 21. gxf4 Rad8 {[#] Black cannot hold the game after this.} (21... Rfd8 $16) 22. Qc3 $1 $18 Kh8 23. Nc5 Rg8 24. Kh1 ({Much less strong is} 24. Qxb4 $6 Bxe4 25. Kh1 Bxg2+ 26. Nxg2 Qd6 $18) 24... Nd5 25. exd5 exd5 26. Nf3 Rxg2 $2 (26... Rg7 {was worth a try.} 27. Re1 Qc7) 27. Kxg2 Qe2+ 28. Kh1 Be4 29. Nxe4 dxe4 30. Ng1 Qf2 31. Rf1 Qh4 32. Rad1 Qh5 33. Qe3 Re8 34. Ne2 Qxa5 35. Nc3 Qb4 36. Nxe4 c5 37. f5 Bg7 38. f6 Bf8 39. Rg1 {Accuracy: White = 88%, Black = 25%.} 1-0

[Event "FIDE Chesscom Online Nations Cup"]
[Site "Online"]
[Date "2020.05.05"]
[Round "2"]
[White "Cori, Jorge"]
[Black "Adhiban, B.."]
[Result "1-0"]
[WhiteElo "2599"]
[BlackElo "2624"]
[Annotator "TA"]
[PlyCount "109"]
[EventDate "2020.05.05"]
[EventType "team-tourn"]
[SourceTitle "playchess.com"]
[Source "ChessBase"]
[SourceQuality "1"]
[WhiteTeam "Rest of the World"]
[BlackTeam "IND"]
[WhiteTeamCountry "PER"]
[BlackTeamCountry "IND"]

{[%evp 15,109,-3,6,-7,-6,-61,-56,-50,-3,-12,0,0,0,0,3,-5,0,0,11,13,29,14,0,0,0,0,0,-39,25,10,39,36,45,23,22,26,21,27,25,24,24,19,24,21,18,4,13,15,84,84,64,0,0,0,0,0,0,0,54,0,0,0,0,0,0,0,0,-17,0,-12,0,0,0,-49,0,0,0,0,582,570,668,651,630,606,3054,2070,5346,5110,29985,29986,29985,29985,29996,29997,29998,29999]} 1. d4 d5 2. Nf3 e6 3. c4 c6 4. e3 Nf6 5. Nc3 Nbd7 6. Qc2 Bd6 7. b3 O-O 8. Bb2 e5 9. cxd5 {D45: Semi-Slav: 5 e3.} cxd5 10. Be2 (10. Nb5 $11 Bb4+ 11. Bc3 Bxc3+ 12. Nxc3) 10... e4 $1 $15 {[%cal Re4f3]} 11. Nd2 {Black is slightly better.} Nb8 12. Nb5 Nc6 13. Nxd6 Qxd6 14. Qc5 {[#]} Qd8 $146 ({Predecessor:} 14... Qe6 15. Ba3 Re8 16. Qd6 Qf5 17. h3 Rd8 18. Qc7 Ne8 19. Qg3 a5 20. O-O Nb4 {½-½ (55) Postny,E (2575)-Buhmann,R (2589) Berlin 2018}) 15. h3 Be6 16. O-O Rc8 17. Rfc1 Qd7 18. Qb5 Rfd8 19. Bf1 Ne8 20. Rc5 Nd6 21. Qa4 b6 (21... a6 $15) 22. Rc3 Na5 23. Qxd7 Bxd7 24. a4 Rxc3 25. Bxc3 Rc8 26. Bb4 Rc2 27. Bxd6 {[#] b4 is the strong threat.} Rxd2 28. Rc1 Nxb3 29. Rc7 Be6 {White should prevent ...Rd1.} 30. Rxa7 {Ra8+ would kill now.} h5 {Threatening ...Rd1.} 31. Bb5 h4 (31... Rd1+ $11 {remains equal.} 32. Kh2 Nd2) 32. Be7 $16 f6 33. Bd8 (33. Rb7 $14) 33... Nc1 $11 34. Bxb6 {Strongly threatening Re7.} Nd3 35. Re7 Bf5 36. Bc6 Kf8 (36... Rd1+ $11 37. Kh2 Nxf2) 37. Rc7 ({White should try} 37. Bc5 $1 $14) 37... Rd1+ 38. Kh2 {Black must now prevent Bc5+.} Nxf2 {[%csl Gf2][%cal Rd1h1]} 39. g4 Be6 40. Ba5 Nd3 41. Bb5 Rb1 42. Rc2 g5 43. Bc3 Kf7 44. Ra2 f5 45. gxf5 Bxf5 46. Bc6 {aiming for a5.} Ke6 $2 {[%mdl 8192]} (46... Rc1 $11 {and Black has nothing to worry.} 47. Bxd5+ Be6 48. Bxe6+ Kxe6) 47. a5 $18 g4 48. hxg4 Bxg4 49. a6 Nb4 50. a7 Nxa2 {[#]} 51. Bxd5+ $1 {[%mdl 576] Double Attack} Kf6 (51... Kxd5 52. a8=Q+) 52. a8=Q {White mates.} Bf3 53. Qf8+ Kg6 54. Bf7+ Kg5 55. Qg7+ {Accuracy: White = 87%, Black = 68%.} 1-0

[Event "FIDE Chesscom Online Nations Cup"]
[Site "Online"]
[Date "2020.05.05"]
[Round "2"]
[White "Koneru, Humpy"]
[Black "Muzychuk, Mariya"]
[Result "1/2-1/2"]
[WhiteElo "2483"]
[BlackElo "2506"]
[Annotator "TA"]
[PlyCount "53"]
[EventDate "2020.05.05"]
[EventType "team-tourn"]
[SourceTitle "playchess.com"]
[Source "ChessBase"]
[SourceQuality "1"]
[WhiteTeam "IND"]
[BlackTeam "Rest of the World"]
[WhiteTeamCountry "IND"]
[BlackTeamCountry "UKR"]

{[%evp 17,53,16,13,10,19,11,16,5,15,14,66,58,157,165,185,241,162,96,241,199,225,187,187,190,193,0,0,0,0,0,0,0,0,0,0,0,0,0]} 1. d4 d5 2. c4 c6 3. Nf3 Nf6 4. e3 Bg4 5. h3 Bxf3 6. Qxf3 e6 7. Bd3 Nbd7 8. O-O Bd6 9. Nd2 {is the legacy move (9.Nc3).} O-O 10. e4 {D11: Slav Defence: 3 Nf3 sidelines and 3...Nf6 4 e3 Bg4.} e5 11. exd5 cxd5 12. cxd5 exd4 13. Ne4 Be5 (13... Qe7 $11) 14. Bg5 $14 {[#]} h6 $146 ({Black should play} 14... Qb6 $14) ({Predecessor:} 14... Qb6 15. d6 Nxe4 16. Qxe4 g6 17. Be7 Rfc8 18. Qg4 Nf6 19. Qg5 Nd7 20. Bf5 Rc5 {½-½ (66) Demianjuk,A (2312)-Baraeva,M (2170) Voronezh 2011}) 15. Bxf6 $1 $16 Nxf6 16. Qf5 {White wants to mate with Nxf6+.} Re8 17. Nxf6+ (17. f4 $1 $18 {[%cal Rf4e5]} g6 18. fxe5 gxf5 19. Nxf6+ Kg7 20. Nxe8+ Qxe8 21. Rxf5) 17... Qxf6 (17... Bxf6 $16 18. Qh7+ Kf8) 18. Qh7+ $18 Kf8 19. f4 Bxf4 20. Rxf4 Qxf4 {[#]} 21. Qh8+ $2 (21. d6 $1 $18 {[%mdl 512]} Qxd6 22. Qh8+ Ke7 23. Re1+ Kd7 24. Rxe8 Rxe8 25. Bb5+ {[%mdl 64] Skewer} Kc7 26. Qxe8) 21... Ke7 $11 {The position is equal.} 22. Re1+ {[#]} Kf6 $1 23. Rxe8 {Hoping for Bf1.} Qc1+ 24. Kh2 Qf4+ 25. Kg1 {Bf1 is the strong threat.} Qc1+ 26. Kh2 {Strongly threatening d6.} Qf4+ 27. Kg1 {Black escapes into a draw. Accuracy: White = 86%, Black = 58%.} 1/2-1/2

[Event "FIDE Chesscom Online Nations Cup"]
[Site "Online"]
[Date "2020.05.05"]
[Round "2"]
[White "Krush, Irina"]
[Black "Goryachkina, Aleksandra"]
[Result "1/2-1/2"]
[WhiteElo "2392"]
[BlackElo "2502"]
[Annotator "TA"]
[PlyCount "87"]
[EventDate "2020.05.05"]
[EventType "team-tourn"]
[SourceTitle "playchess.com"]
[Source "ChessBase"]
[SourceQuality "1"]
[WhiteTeam "USA"]
[BlackTeam "RUS"]
[WhiteTeamCountry "USA"]
[BlackTeamCountry "RUS"]

{[%evp 10,87,18,16,12,8,0,0,0,0,0,-5,-4,-10,-8,-9,-9,-9,0,0,8,0,8,0,0,0,0,0,4,0,10,0,0,0,14,14,14,14,14,14,16,19,19,16,20,4,22,14,14,7,7,7,7,7,7,6,7,7,7,7,7,7,7,-94,0,0,7,7,7,0,0,0,0,0,0,0,1,1,1,0]} 1. d4 d5 2. c4 e6 3. Nc3 Nf6 4. cxd5 exd5 5. Bg5 c6 6. e3 h6 {D35: Queen's Gambit Declined: Exchange Variation.} 7. Bf4 Bf5 8. h3 Bd6 9. Nge2 O-O {[#]} 10. Bxd6 $146 ({Predecessor:} 10. g4 Bxf4 11. Nxf4 Bh7 12. Bd3 Bxd3 13. Nxd3 Ne4 14. Nxe4 dxe4 15. Nf4 Na6 16. Qb3 {1-0 (55) Marusenko,P (2154)-Wilson,M (1817) Cardiff 2019}) 10... Qxd6 11. Nf4 Re8 {Threatens to win with ...Qxf4.} 12. Be2 Nbd7 13. O-O Ne4 14. Nxe4 Bxe4 15. Qd2 a5 16. Rac1 Qb4 17. Rc3 a4 18. a3 Qb6 19. Rfc1 Nf6 20. Nd3 Bxd3 21. Bxd3 Ne4 22. Bxe4 $1 Rxe4 23. b4 axb3 24. Qb2 Ra7 25. Rxb3 Qc7 26. a4 Re7 27. Rb4 h5 28. Rb1 g6 29. h4 Rd7 30. g3 Qd8 31. Qe2 Qe7 32. Qf3 Qd6 33. Kg2 Kg7 34. Qe2 Qe6 35. Qc2 Qe7 36. Qe2 {[#]} (36. R1b2 $11 {remains equal.}) 36... Qe4+ ({Better is} 36... Rxa4 $1 $17 {[%mdl 512]} 37. Rxa4 Qe4+ {[%mdl 64] Double Attack} 38. Qf3 Qxb1) 37. Qf3 $11 {The position is equal.} Qxf3+ 38. Kxf3 {[%mdl 4096] Endgame KRR-KRR} Re7 39. Rb6 Kf6 40. a5 Rxa5 41. Rxb7 Rxb7 42. Rxb7 Ra2 43. Rc7 Rc2 44. Rb7 {Accuracy: White = 93%, Black = 97%.} 1/2-1/2

[Event "FIDE Chesscom Online Nations Cup"]
[Site "Online"]
[Date "2020.05.06"]
[Round "3"]
[White "Ding, Liren"]
[Black "Nepomniachtchi, Ian"]
[Result "1-0"]
[WhiteElo "2836"]
[BlackElo "2778"]
[Annotator "TA"]
[PlyCount "89"]
[EventDate "2020.05.05"]
[EventType "team-tourn"]
[EventCountry "ISS"]
[SourceTitle "playchess.com"]
[Source "ChessBase"]
[SourceQuality "1"]
[WhiteTeam "China"]
[BlackTeam "Russia"]
[WhiteTeamCountry "CHN"]
[BlackTeamCountry "RUS"]

{[%evp 20,89,19,21,32,31,35,0,9,0,120,99,125,99,91,90,98,94,92,98,166,154,169,170,149,157,166,106,175,102,88,71,77,77,153,126,110,76,88,16,14,0,24,32,93,84,77,59,60,58,200,212,365,365,510,495,509,500,477,446,421,395,501,351,556,528,5035,697,697,695,848,640]} 1. d4 Nf6 2. c4 g6 3. Nc3 d5 4. cxd5 Nxd5 5. e4 Nxc3 6. bxc3 Bg7 7. Be3 c5 8. Rc1 Qa5 9. Qd2 O-O 10. Nf3 Bg4 (10... Nd7 11. Bd3 e5 12. Bh6 cxd4 13. Bxg7 Kxg7 14. cxd4 Qxd2+ 15. Kxd2 exd4 16. Nxd4 b6 17. Ke3 Nc5 18. Rhd1 Bb7 19. f3 Rad8 20. Bb5 Rc8 21. Nb3 Nxb3 22. axb3 Rxc1 23. Rxc1 Rc8 {½-½ (23) Ding,L (2811)-Nepomniachtchi,I (2776) chess.com INT 2019}) 11. d5 b5 {D85: Exchange Grünfeld: Unusual White 7th moves and lines with 7 Nf3.} 12. Bxc5 Rc8 {[#]} 13. Bd4 $146 {Strongly threatening Bxg7.} ({But not} 13. Bxe7 Bxc3 14. Rxc3 Rxc3 $17) (13. Bb4 $5 {[%cal Rb4a5]} Qc7 14. Nd4 $16 (14. Bxb5 a5 $11)) ({Predecessor:} 13. Bb4 Qc7 14. Nd4 a5 15. Ba3 b4 16. Bb2 Qb6 17. c4 a4 18. Be2 a3 19. Ba1 Bxe2 20. Kxe2 {1-0 (80) Esipenko,A (2624)-Jones,G (2688) Douglas 2019}) 13... Bxf3 $1 {The position is equal.} 14. Bxg7 Bxe4 (14... Bxg2 $1 $11 15. Bxg2 Kxg7) 15. Bh6 $1 $16 {Qd4 is the strong threat.} Qb6 16. f3 Bf5 17. g4 Bd7 18. h4 $36 {[%mdl 2048] White is on the roll.} Be8 19. h5 f6 (19... Nd7 $16) 20. hxg6 $18 Bxg6 21. Be3 Qd6 22. Bxb5 Nd7 23. Kf2 ({White should try} 23. Be2 $18) 23... Rab8 {[#]} (23... Ne5 $16) 24. Be2 (24. Bxd7 $1 $18 Qxd7 25. c4) 24... Qa3 $16 25. Bd4 {Threatens to win with c4.} Rb2 26. Qe3 Ne5 (26... Qd6 $142) 27. Bxe5 fxe5 28. Qxe5 {Black must now prevent Qe6+.} Qd6 29. Qxd6 ({White should play} 29. Qe3 $16) 29... exd6 $11 30. Rhe1 {aiming for Kg3.} Re8 {Hoping for ...Bd3.} 31. Rcd1 Rc8 (31... Rxa2 $14 32. f4 h5) 32. Kg3 $16 Rxc3 33. a4 a5 34. Bf1 Rb4 {[#] Now Black is done in.} (34... Rbb3 $14) 35. Re6 $1 $18 Rxa4 $2 (35... Rb8 36. Rxd6 Rf8) 36. Rxd6 Raa3 37. Rf6 Kg7 {[#]} 38. d6 $3 {[%mdl 512] White threatens d7! and mate.} Rc8 39. d7 Rd8 40. Re6 Rb3 41. Re5 Rb7 (41... a4 $142 42. Rc5 Be4) 42. Bb5 {White is clearly winning.} Bc2 43. Rd2 (43. Re8 $142 Rbb8 44. Rc1) 43... Bg6 44. Re8 Rbb8 45. Rde2 {Accuracy: White = 70%, Black = 42%.} 1-0

[Event "FIDE Chesscom Online Nations Cup"]
[Site "Online"]
[Date "2020.05.06"]
[Round "3"]
[White "Nakamura, Hikaru"]
[Black "Radjabov, Teimour"]
[Result "1/2-1/2"]
[WhiteElo "2829"]
[BlackElo "2758"]
[Annotator "TA"]
[PlyCount "94"]
[EventDate "2020.05.05"]
[EventType "team-tourn"]
[EventCountry "ISS"]
[SourceTitle "playchess.com"]
[Source "ChessBase"]
[SourceQuality "1"]
[WhiteTeam "United States"]
[BlackTeam "World"]
[WhiteTeamCountry "USA"]
[BlackTeamCountry "AZE"]

{[%evp 13,94,9,15,0,0,0,0,0,0,0,16,16,16,0,12,0,4,-2,0,0,0,0,0,0,0,0,0,0,0,0,0,0,0,0,0,0,0,0,0,0,0,0,0,0,0,0,0,0,0,0,0,0,4,4,4,3,15,0,0,0,0,0,0,0,0,0,0,0,0,0,0,0,0,0,0,0,0,0,0,0,0,0,0]} 1. d4 Nf6 2. c4 e6 3. Nf3 d5 4. Nc3 Be7 5. Bf4 O-O 6. e3 Nbd7 7. c5 {7.Be2 deserves study. Played by Hikaru Nakamura in February 2020.} Nh5 {The position is equal.} 8. Be2 {D37: Queen's Gambit Declined: 5 Bf4.} Nxf4 9. exf4 b6 10. b4 $1 a5 11. a3 c6 12. O-O {[#]} Ba6 $146 ({Predecessor:} 12... axb4 13. axb4 Rxa1 14. Qxa1 Qc7 15. g3 bxc5 16. bxc5 f6 17. Re1 e5 18. Bd3 g5 {½-½ (48) Grischuk,A (2766)-Karjakin,S (2782) Paris 2018}) 13. Qc2 Bxe2 14. Nxe2 Ra7 15. Rab1 axb4 16. axb4 Qa8 17. Nc1 Rb8 18. Nd3 Ra2 19. Qd1 bxc5 20. bxc5 Rxb1 21. Qxb1 Bf6 22. h4 h6 23. h5 Ra4 24. Qb2 Ra2 25. Qb1 Ra4 26. Nde5 Nxe5 27. fxe5 Bd8 28. g3 Ra3 29. Kg2 Bc7 30. Rc1 Qa6 31. Qc2 Ra2 32. Qd1 Qa3 33. Rb1 Qe3 34. Qf1 Qc3 35. Rb7 Ra1 $1 {[%cal Ra1f1]} 36. Qe2 Qc4 $1 {[%cal Rc4e2]} 37. Rb2 Ba5 38. g4 Qxe2 39. Rxe2 $11 {[%mdl 4096] Endgame Black should prevent Rb2. KRB-KRN} Bc3 40. Re3 Rc1 41. Rd3 f6 42. Kg3 Rc2 43. Rd1 Kf7 44. Rb1 Bb2 45. Rd1 Bc3 46. Rb1 Bb2 47. Rd1 Bc3 {A rather calm draw. Accuracy: White = 100%, Black = 100%.} 1/2-1/2

[Event "FIDE Chesscom Online Nations Cup"]
[Site "Online"]
[Date "2020.05.06"]
[Round "3"]
[White "Aronian, Levon"]
[Black "Vidit, Santosh Gujrathi"]
[Result "1-0"]
[WhiteElo "2778"]
[BlackElo "2636"]
[Annotator "TA"]
[PlyCount "111"]
[EventDate "2020.05.05"]
[EventType "team-tourn"]
[EventCountry "ISS"]
[SourceTitle "playchess.com"]
[Source "ChessBase"]
[SourceQuality "1"]
[WhiteTeam "Europe"]
[BlackTeam "India"]
[WhiteTeamCountry "ARM"]
[BlackTeamCountry "IND"]

{[%evp 9,111,-22,-17,-17,-29,-39,-9,-36,-27,-21,-22,-14,-16,-31,-29,-28,-28,-27,-35,-32,-23,-31,-36,-46,-39,-52,-58,-49,-44,-41,-30,-80,-20,-20,5,6,21,7,9,-31,0,-18,7,3,7,-99,-99,-149,-102,-318,6,14,14,14,22,0,15,-2,-5,-12,0,0,0,0,16,0,0,0,0,0,0,0,0,0,0,0,0,0,0,0,0,0,0,0,599,492,12842,12843,12843,12843,12844,12844,12845,12845,12845,12846,12846,12847,12847,12847,12848,12848,12849,12849]} 1. Nf3 d5 2. e3 c5 3. c4 d4 4. exd4 cxd4 5. Bd3 Nc6 6. O-O {A09: Réti Opening: 1 Nf3 d5 2 c4.} Nf6 7. Bc2 Bg4 8. Ba4 {[#] The position is equal.} Nd7 $146 ({Predecessor:} 8... e5 9. Qb3 Bxf3 10. Qxb7 Qc8 11. Qxc8+ Rxc8 12. gxf3 Nd7 13. d3 Nc5 14. Bxc6+ Rxc6 {0-1 (32) Tutov,N (1436)-Santos,M (1498) LSS email 2011}) 9. h3 Bh5 10. d3 e5 11. Re1 {Nxe5 is the strong threat.} Be7 12. Nbd2 O-O 13. Ne4 Qc7 14. a3 a5 15. Ng3 Bg6 16. Bxc6 bxc6 17. Nxd4 exd4 18. Rxe7 Qd6 19. Re2 Nc5 20. Ne4 Nxe4 ({Better is} 20... Bxe4 $17 21. dxe4 a4) 21. dxe4 $11 Rfe8 22. f3 a4 23. c5 Qxc5 24. Bf4 Qb6 25. Rc1 c5 26. Rc4 f6 27. Qc1 (27. Rxa4 $11 Rxa4 28. Qxa4) 27... Ra5 $1 $17 28. Rec2 f5 29. Rxc5 $2 (29. exf5 $17 {was necessary.} Bf7 30. Rd2 (30. Rxc5 d3 $17)) 29... Rxc5 $2 ({Black should play} 29... d3 $1 $19 {[%cal Rd3c2]} 30. Bc7 Rxc5 31. Rxc5 (31. Bxb6 $2 {loses.} Rxc2 32. Qd1 fxe4 $19) 31... Qa7) 30. Rxc5 $11 fxe4 31. fxe4 d3 {White must now prevent ...Rc8.} 32. Be3 Qe6 33. Rc7 Qxe4 34. Bd2 h6 35. Qc5 {aiming for Qa7.} Bf7 {Hoping for ...Bd5.} 36. Bc3 Qg6 {And now ...d2! would win.} 37. Re7 Rxe7 38. Qxe7 Kh7 39. Qe5 Be8 40. Kf2 Bf7 41. g4 Bb3 42. Ke3 Bc2 43. Kd2 Bb3 44. Ke3 Bc2 45. Kd2 Bb3 46. Qe7 Bc2 $2 {[%mdl 8192]} (46... Bc4 $11) 47. b4 $1 $18 {White is clearly winning.} axb3 {[#]} (47... h5 $142 48. g5 Bb3) 48. Bb2 $1 h5 {[#]} 49. g5 $1 h4 50. a4 {[%cal Ba3a4,Ba4a5,Ba5a6][%mdl 32]} Kg8 51. a5 Kh7 {[#]} 52. a6 $1 {[%cal Ra6a7][%mdl 512]} Bd1 (52... Qxa6 53. Qxg7#) 53. Kxd1 {Intending Kd2 and mate.} d2 54. Qxg7+ {[%mdl 64] Promotion} Qxg7 55. Bxg7 Kxg7 56. Kxd2 {Quite a comeback for White. Accuracy: White = 83%, Black = 77%.} 1-0

[Event "FIDE Chesscom Online Nations Cup"]
[Site "Online"]
[Date "2020.05.06"]
[Round "3"]
[White "Artemiev, Vladislav"]
[Black "Wei, Yi"]
[Result "1-0"]
[WhiteElo "2769"]
[BlackElo "2752"]
[Annotator "TA"]
[PlyCount "49"]
[EventDate "2020.05.05"]
[EventType "team-tourn"]
[EventCountry "ISS"]
[SourceTitle "playchess.com"]
[Source "ChessBase"]
[SourceQuality "1"]
[WhiteTeam "Russia"]
[BlackTeam "China"]
[WhiteTeamCountry "RUS"]
[BlackTeamCountry "CHN"]

{[%evp 14,49,20,-17,0,0,0,0,0,0,0,-1,10,14,16,8,10,-28,60,61,62,38,96,91,121,101,110,96,88,101,101,91,113,103,110,104,307,210]} 1. c4 g6 2. g3 Bg7 3. Bg2 Nf6 4. Nc3 O-O 5. Nf3 c5 6. O-O d5 7. cxd5 Nxd5 8. Qb3 e6 {A34: Symmetrical English: 2 Nc3, lines with ...d5.} 9. d3 Nc6 10. Qb5 $5 {[%mdl 4] Exploring less charted territory.} Qb6 {The position is equal.} 11. Qc4 {[#]} Qb4 $146 {[%cal Rd5c3]} ({Predecessor:} 11... Nxc3 12. bxc3 Na5 13. Qh4 Bd7 14. Bf4 f6 15. Rab1 Qa6 16. Bh6 Bxh6 17. Qxh6 Qd6 {½-½ (42) Almasi,Z (2682)-Piorun,K (2634) Germany 2019}) 12. Ne4 Qxc4 13. dxc4 Nb6 14. Rb1 Nxc4 15. b3 N4e5 (15... Nb6 $11) 16. Nxe5 $1 $14 ({Reject} 16. Nxc5 Nxf3+ 17. exf3 e5 $11) 16... Bxe5 17. Bh6 Rd8 (17... Bg7 $1 $14 18. Bxg7 Kxg7) 18. Rfd1 $36 {[%mdl 2048] White has strong initiative.} Rb8 19. Nxc5 {[#] Threatens to win with Bxc6.} Bc7 20. Bg5 Rxd1+ 21. Rxd1 Kg7 22. Ne4 Be5 23. Nd6 h6 24. Be3 Nb4 $2 {[#]} (24... a5 $16) 25. Bxh6+ $1 {[%mdl 512] Accuracy: White = 86%, Black = 60%.} 1-0